Sports Quiz

Random Sports or Baseball Quiz
Score 0/64 Timer 07:00
1 Play Today
HRs Player % Correct
49Todd Helton
93.9%
25Todd Helton
93.9%
35Todd Helton
93.9%
42Todd Helton
93.9%
30Todd Helton
93.9%
33Todd Helton
93.9%
32Todd Helton
93.9%
36Larry Walker
91%
49Larry Walker
91%
37Larry Walker
91%
38Larry Walker
91%
26Larry Walker
91%
41Nolan Arenado
89.7%
42Nolan Arenado
82.7%
41Nolan Arenado
82.7%
38Nolan Arenado
82.7%
37Nolan Arenado
82.7%
32Troy Tulowitzki
78.6%
34Carlos Gonzalez
77.1%
26Carlos Gonzalez
77.1%
26Carlos Gonzalez
77.1%
27Troy Tulowitzki
77%
30Troy Tulowitzki
77%
25Troy Tulowitzki
77%
40Carlos Gonzalez
76.2%
25Carlos Gonzalez
76.2%
27Dante Bichette
75.2%
40Dante Bichette
75.2%
31Dante Bichette
75.2%
26Dante Bichette
75.2%
34Dante Bichette
75.2%
31Andres Galarraga
74.5%
HRs Player % Correct
31Andres Galarraga
74.5%
47Andres Galarraga
74.5%
41Andres Galarraga
74.5%
35Trevor Story
71.1%
32Charlie Blackmon
68.8%
32Vinny Castilla
65.3%
40Vinny Castilla
65.3%
40Vinny Castilla
65.3%
46Vinny Castilla
65.3%
33Vinny Castilla
65.3%
35Vinny Castilla
65.3%
37Charlie Blackmon
61.2%
29Charlie Blackmon
61.2%
29Charlie Blackmon
61.2%
34Matt Holliday
60.4%
36Matt Holliday
60.4%
25Matt Holliday
60.4%
37Trevor Story
60.3%
27Trevor Story
60.3%
40Ellis Burks
47.8%
32Ellis Burks
47.8%
30Mark Reynolds
33.3%
36Preston Wilson
32.6%
29Brad Hawpe
32.4%
25Brad Hawpe
32.4%
29Garrett Atkins
31.8%
25Garrett Atkins
31.8%
37Jeromy Burnitz
15.1%
25Ian Stewart
14.5%
28Wilin Rosario
13%
25Charlie Hayes
10.4%
28Jay Payton
6.5%

You're not logged in!

Compare scores with friends on all Sporcle quizzes.
OR
Log In

Sporcle TV

Today on Sporcle TV


Watch our educational content, quiz creation guides, and fun videos on Sporcle TV.

Show Comments

Extras

Top Quizzes Today


Score Distribution

Paid Content

Your Account Isn't Verified!

In order to create a playlist on Sporcle, you need to verify the email address you used during registration. Go to your Sporcle Settings to finish the process.

Report this User

Report this user for behavior that violates our Community Guidelines.

Details: